000 00917namaa22001811 4500
001 174006
003 ES-MaACL
005 20230906215419.0
008 100205s1905 sp r |||| | spa d
100 1 _aÁlvarez Quintero, Serafín,
_d1871-1938
_9226443
245 1 3 _aLa aventura de los galeotes
_b: adaptación escénica del cap. XXII de la primera parte de Don Quijote de la Mancha /
_cpor Serafín y Joaquín Álvarez Quintero.
260 _aMadrid :
_bSociedad General de Autores,
_c1905 (
_fR. Velasco)
300 _a19 p. ;
_c20 cm.
500 _aEn port.: Representada en el teatro Real el 10 de mayo de 1905, con ocación del III Centenario de la publicación del Quijote.
700 1 _aÁlvarez Quintero, Joaquín,
_d1873-1944
_920922
852 _aES-MaACL
_jF-8644(1)
_z.- Enc. hol.
_z.- Enc. en un vol. facticio formando parte de la col. facticia "Teatro español moderno" v. 101
999 _c174006
_d174006